00522nam a2200205 a 450000100060000000300090000600800410001502000150005604000280007108200160009910000250011524500310014025000060017126000370017730000110021449000250022550000170025065000270026765000220029410857CO-ViMGA141112s2004 ck r 000 u spa d a842061467X aCO-ViMGAbspacCO-ViMGA04a193.9 N43cl1 aNietzsche, Friedrich10aCrepúsculo de los idolos a1 aMadrid, cAlianza Editorial S.A. a170 p. aEl libro de bolsillo aFecha : 199714aENSAYOS - CONFERENCIAS14aFILOSOFIA ALEMANA